000 00255nam a2200097Ia 4500
001 784427
005 20250826170241.0
008 250824s9999 xx 000 0 und d
245 0 _aKUYUDAKİ ÇOCUK
_cAHMET YILMAZ BOYUNAĞA
260 _bGENÇ TİMAŞ YAYINLARI
999 _c784427
_d784427